00913nam a22002537a 45000010005000000030006000050050017000110080041000280200018000690400029000870500015001160820014001311000021001452450041001662600051002073000049002584900021003075050008003285200204003365210020005405210019005606500032005797000048006114970FISKH20241028165357.0241028b cb ||||| |||| 00| 0 eng d a9780194236317 aFISKHbengcFISKHdFISKH aPE1127.C55 2363.73874 aNewbolt, Barnaby aClimate Change /cby Barnaby Newbolt aNew York :bOxford University Press ; c2009.  a56 pages :bcolor illustrations ;c220 cm .  aOxford Bookworms aW  aThis series presents engaing content about interesting places and subjects. Exercises and suggestions for project work are also included. The books are graded at 400- to 1,400-word vocabulary levels.8 a880 bLexile 8 aW bRz-Plus  aclimate changevnon-fiction aLindop, ChristineeFactfiles Series Editor